| 000 | 00564nam a2200193Ia 4500 | ||
|---|---|---|---|
| 005 | 20250508152754.0 | ||
| 008 | 008 250505s9999 xx 000 0 eng d | ||
| 037 | _aTextual | ||
| 040 |
_aFEDL _beng _cFEDL |
||
| 041 |
_aeng _2eng |
||
| 084 |
_a001.434, EDW _qFEDL |
||
| 100 | _aEdwards Allen L | ||
| 245 | 0 | _aExperimental design in psychological research | |
| 260 |
_aNew York, USA _bHolt, Rinehart and Winston _c1960 |
||
| 300 | _axiii,396p | ||
| 650 | _aExperimental methods | ||
| 942 |
_cTEXL _h001.434, EDW |
||
| 999 |
_c1338664 _d1338664 |
||